000 00848cam a2200229 a 4500
001 3972334
005 20250603093303.0
008 941011s19941967ilu b 001 0 eng
020 _a0802467997
050 0 0 _aBV652.1
_b.S3 1994
082 0 0 _a253/.2
_220
100 1 _aSanders, J. Oswald
_q(John Oswald),
_d1902-1992.
245 1 0 _aSpiritual leadership /
_cJ. Oswald Sanders.
260 _aChicago :
_bMoody Press,
_cc1994, 1967.
300 _a189 p. ;
_c23 cm.
440 0 _aCommitment to spiritual growth series
500 _a"Completely updated text with study guide."
650 0 _aChristian leadership.
856 4 2 _3Publisher description
_uhttp://www.loc.gov/catdir/enhancements/fy0609/94217490-d.html
856 4 2 _3Contributor biographical information
_uhttp://www.loc.gov/catdir/enhancements/fy1209/94217490-b.html
942 _2lcc
_cBK
_n0
999 _c6176
_d6176